00474 a2200169 4500000002100000001000700021005001700028008004100045020001800086082001900104100003300123245005400156260004500210300001000255630001600265700002300281BKB 13707520200902153150.0  a9780195685107 a301.0954bD26H1 aHandbook of Indian sociology1 aHandbook of Indian sociologycedited by Veena Das aNew DelhibOxford University Pressc2012 a502p. aSocial Work aDas, Veena ed.bc